| 000 | 00706nam a22002537i 4500 | ||
|---|---|---|---|
| 003 | DO-SdBNP | ||
| 005 | 20250811132840.0 | ||
| 007 | ta | ||
| 008 | 250811s2024 dr 000 0 spa d | ||
| 020 | _a9789945291025 | ||
| 040 |
_aDO-SdBNP _bspa _cBNPHU _erda |
||
| 041 | _asp | ||
| 082 |
_axxx _bP438n _222 |
||
| 100 | 1 |
_aPérez Lagombra, Junior _eautor _943330 |
|
| 245 | 1 | 0 |
_aNi siquiera tú / _cJunior Pérez |
| 264 |
_aSanto Domingo : _b[Editora desconocida], _c©2024 |
||
| 300 |
_a240 páginas ; _c24 cm. |
||
| 336 |
_ardacontent _btexto _2txt |
||
| 337 |
_ardamedia _bsin mediación _2n |
||
| 338 |
_ardacarrier _bvolumen _2nc |
||
| 590 | _aInventariado,2025/DG | ||
| 910 | _aDG | ||
| 942 |
_2ddc _cLBS1 |
||
| 999 |
_c59759 _d59759 |
||